000 00496nam a22001817a 4500
005 20251108170746.0
008 250721s1989 xx 000 0 ara d
082 1 4 _a214.5/رحب
100 1 _aالرحباوي، عبد القادر
245 1 0 _aاليوم الآخر /
250 _aط8
264 1 _aدمشق :
_bدار السلام،
_c1989.
300 _a166ص
650 1 7 _aالحياة الآخرة
650 1 7 _aالعقيدة الدينية
942 _2ddc
_cBK
999 _c48322
_d48322